Представление документа в формате RUSMARC

ПолеНазваниеЗначение
  Тип записи a
  Библиографический уровень a
001 Контрольный номер 42a765b1ec1f486a9a4767d53d5fb0e3
005 Дата корректировки 20260408161917.6
100 Данные общей обработки __
a Данные общей обработки 20260408 ||| 0rusy0189 ca
101 Язык документа 0_
a Язык текста rus
102 Страна публикации __
a Страна публикации RU
200 Заглавие и сведения об ответственности 1_
a Заглавие Просто о грустном
e Сведения, относящиеся к заглавию [почему бывает грустно и что с этим делать - советы подросткам]
f Первые сведения об ответственности М. Никитина
461 Уровень набора _0
1 2000
a Маруся
463 Уровень физической единицы _0
1 2000
a № 3 (395)
v С. 40-41 : ил.
1 2101
d 2026
1 001da3fefd1167f49a39ef73b3b40c91a4b
606 Тематические рубрики 0_
a Основная рубрика Эмоции и чувства
610 Ключевые слова 0_
a Ключевые слова эмоции, чувства, эмоциональные состояния, советы подросткам, психологическая помощь, психологические советы, грусть, депрессия
686 Индексы других классификаций __
a Классификационный индекс 88.252.1
700 Автор _1
a Фамилия Никитина
b Имя (инициалы) М.
g Полное личное имя Мария
801 Источник записи _0
a Страна RU
b Организация УОБДЮ
c Дата составления 20260408
g Правила каталогизации RCR
801 Источник записи _1
a Страна RU
b Организация УОБДЮ
c Дата составления 20260408
g Правила каталогизации RCR
901 Тип документа __
t Тип документа b
w Контрольный № источника da3fefd1167f49a39ef73b3b40c91a4b
905 Данные по созданию БЗ __
b Логин пользователя, который создал БЗ ibo4
909 Создатель записи __
a Создатель записи Бобылёва И.В.
910 Корректоры записи __
a Корректор записи Бобылёва И.В.